|
|
|
|
| LEADER |
00000nam a2200000Ia 4500 |
| 008 |
180528b1997 cr ||||| |||| 00| 0 spa d |
| 999 |
|
|
|c 1059
|d 1059
|
| 020 |
|
|
|a 9977-67-436-1
|
| 090 |
|
|
|a 06.03.06
|b 401
|
| 100 |
1 |
|
|a Acuña Ortega, Víctor Hugo
|9 3542
|
| 245 |
1 |
|
|a Estudios Sociales 9 : texto /
|c Acuña Ortega, Víctor Hugo ...[et al.]
|
| 260 |
|
|
|a San José, C.R. :
|b Editorial de la Universidad de Costa Rica,
|c 1997
|
| 300 |
|
|
|a 240 páginas
|
| 490 |
|
|
|a Hacia el siglo XXI
|
| 500 |
|
|
|a Contiene Guía Didáctica
|
| 650 |
1 |
4 |
|a SOCIEDAD
|9 396
|
| 650 |
1 |
4 |
|a HISTORIA
|9 22
|
| 650 |
1 |
4 |
|a EDUCACIÓN SECUNDARIA
|9 456
|
| 650 |
1 |
4 |
|a ESTUDIOS SOCIALES
|9 675
|
| 650 |
1 |
4 |
|a GEOGRAFÍA
|9 1984
|
| 700 |
1 |
|
|a Acuña Ortega, Víctor Hugo
|9 3542
|
| 942 |
|
|
|i 00674 ,00724
|h 06.03.06 401
|2 z
|c 01
|